States with the Highest Bridges on a Map - Statistics

General Stats
  • This quiz has been taken 62 times
  • The average score is 5 of 6
Answers on the Map
Answers color-coded by a green-red scale on the quiz's map according to % correct below.
 
Answer Stats
State % Correct
California
94%
Arizona
92%
Colorado
92%
Nevada
90%
New Mexico
84%
West Virginia
49%
No matching quizzes found
Score Distribution
Percent of People with Each Score
Percentile by Number Answered
Your Score History
You have not taken this quiz